Tilastot visalle 15 maata, joissa kuoli eniten Covid-19 - 26. maa 2021

Klikkaa tästä pelataksesi tätä visaa!

Yleistilastot

  • Tätä visaa on pelattu 2 kertaa
  • Keskiarvotulos 14 / 25

Vastaustilastot

maa% Oikein
Argentiina
100%
Ranska
100%
Meksiko
100%
Venäjä
100%
Kolumbia
100%
Brasilia
100%
Saksa
100%
Puola
100%
Yhdysvallat
100%
Italia
100%
Espanja
100%
Belgia
50%
Yhdistynyt
kuningaskunta
50%
Tšekki
50%
Iran
50%
Slovakia
50%
Intia
50%
Bosnia ja
Hertsegovina
0%
Bulgaria
0%
Unkari
0%
Peru
0%
Slovenia
0%
Portugali
0%
Pohjois-Makedonia
0%
Etelä-Afrikka
0%

Tulosjakauma

Persentiili vastausten määrän mukaan

Jokaisen tuloksen saaneiden osuus

Tuloshistoriasi

Et ole pelannut tätä visaa